The Alcohol Alphabet. - Statistics

General Stats
  • This quiz has been taken 166 times
  • The average score is 11 of 22
Answer Stats
Letter Hint Answer % Correct
R Captain Jack Sparrow's favourite drink. Rum
95%
B One of the most widely consumed beverages in the world. Beer
93%
V Clear, distilled beverage from Poland or Russia. Vodka
93%
W Fermented grape juice. Wine
87%
C Fermented apple juice. Cider
86%
G Clear alcohol flavoured with juniper berries Gin
84%
T Mexican Blue Agave spirit. Tequila
84%
S Japanese rice wine. Sake
78%
P Fortified red wine drunk by sailors. Port
64%
L Lemon liqueur mainly produced in Southern Italy. Limoncello
63%
M Old-fashioned honey beverage. Mead
59%
O Dry anise-flavoured aperitif from Greece and Cyprus. Ouzo
54%
A Strong anise flavoured spirit. Absinthe
52%
E Rich, chilled, sweetened, dairy-based beverage. Eggnog
39%
K Sweetened black or green tea drink with supposed health benefits. Kombucha
19%
J Dutch juniper liquor similar to gin. Jenever
8%
H Chinese "yellow wine" made from grain. Huangjiu
3%
F Cashew nut liquor from Goa, India. Feni
2%
N South American beer brewed from Manioc. Nihamanchi
1%
U Rwandan home-brew banana beer. Urgwagwa
1%
D Traditinal Indian drink made from sugarcane. Desi daru
0%
Y Chinese bayberry soaked in clear alcohol. Yang Mei Jiu
0%
No matching quizzes found
Score Distribution
Percent of People with Each Score
Percentile by Number Answered
Your Score History
You have not taken this quiz